000 00643nam a2200205 i 4500
001 90762
003 ES-MaACL
005 20250808062532.0
007 t|
008 050124s1959 sp ||||1| spa d
100 1 _aLeclercq, Jacques.
_971094
245 1 0 _aHacia una cristianismo auténtico /
_cJacques Leclercq ; versión española de Ana María Arranz Carabias.
260 _aSan Sebastián :
_bDinor,
_c1959 (
_eBurgos :
_fAldecoa)
300 _a189 p. ;
_c19 cm.
490 1 _aPrisma
700 1 _aArranz Carabias, Ana María.
_923222
830 0 0 _aPrisma
_9180749
852 _aES-MaACL
_jC-16325
_bR.43664
999 _c90762
_d90762